[Event "Frankfurt Ch A 2018"]
[Site "Ffm-Höchst, BiKuZ"]
[Date "2018.06.11"]
[Round "6.4"]
[White "Steudel, Max"]
[Black "Uwira, Oliver"]
[Result "0-1"]
[WhiteElo "1943"]
[BlackElo "2186"]
[PlyCount "100"]
[EventDate "2018.??.??"]
[WhiteTeam "SC Brett vorm Kopp"]
[BlackTeam "SC Nied"]

1. e4 c5 2. Nc3 Nc6 3. f4 g6 4. Nf3 Bg7 5. Bb5 Nd4 6. O-O a6 7. Bd3 e6 8. e5 d5
9. Nxd4 cxd4 10. Ne2 f6 11. Nxd4 fxe5 12. fxe5 Bxe5 13. c3 Bg7 14. Nf3 Nf6 15.
Bc2 O-O 16. d4 Bd7 17. Bg5 Qb6 18. Ne5 Bb5 19. Re1 Ne4 20. Bxe4 dxe4 21. Be3
Bxe5 22. dxe5 Qc7 23. Bh6 Rf5 24. Rxe4 Rh5 25. Qd2 Rd8 26. Rd4 Rxd4 27. cxd4
Qd8 28. Be3 Rf5 29. h3 Qd5 30. b3 Bc6 31. Rf1 Kf7 32. Rxf5+ gxf5 33. Bh6 Ke8
34. Kh2 Kd7 35. Bf8 Kc8 36. Qg5 b6 37. Bd6 a5 38. Qg8+ Kb7 39. Qxh7+ Ka6 40.
Qg8 Bb7 41. Qg3 Qxd4 42. h4 f4 43. Qe1 Ka7 44. h5 Qb2 45. Qg1 Qe2 46. Qh1 f3
47. Kg3 f2 48. h6 f1=Q 49. Qxf1 Qxf1 50. h7 Qxg2+ 0-1

[Event "Frankfurt Ch A 2018"]
[Site "Ffm-Höchst, BiKuZ"]
[Date "2018.06.11"]
[Round "6.5"]
[White "Sandten, Ulrich"]
[Black "Weber, Samuel"]
[Result "1/2-1/2"]
[WhiteElo "2074"]
[BlackElo "2119"]
[PlyCount "106"]
[EventDate "2018.??.??"]
[WhiteTeam "VSG Offenbach"]
[BlackTeam "SV Oberursel"]

1. d4 Nf6 2. Nf3 d5 3. e3 c5 4. Nbd2 cxd4 5. exd4 Bg4 6. h3 Bh5 7. g4 Bg6 8.
Ne5 a6 9. h4 Qc8 10. c3 h6 11. Nxg6 fxg6 12. Bh3 Qe6+ 13. Qe2 Qxe2+ 14. Kxe2
Nbd7 15. Nf3 Ne4 16. Bf4 e6 17. Ne5 Nxe5 18. Bxe5 Kf7 19. f3 Nd6 20. b3 Be7 21.
Kd3 Rac8 22. a4 Rc6 23. Bg3 Rhc8 24. Rhc1 b5 25. axb5 Nxb5 26. c4 dxc4+ 27.
Rxc4 Bf6 28. Rxa6 Rxa6 29. Rxc8 Bxd4 30. Rb8 Rb6 31. Rxb6 Bxb6 32. Be5 h5 33.
Kc4 Nc7 34. Bf1 Nd5 35. Kb5 Bf2 36. Bc4 Bxh4 37. Bxd5 exd5 38. Kc6 Bf2 39. Kxd5
h4 40. Ke4 Ke6 41. f4 h3 42. f5+ gxf5+ 43. gxf5+ Kf7 44. Kf3 Bg1 45. Kg3 h2 46.
Kg2 g6 47. fxg6+ Kxg6 48. Bxh2 Bxh2 49. Kxh2 Kf5 50. Kg3 Ke4 51. Kf2 Kd3 52.
Kf3 Kc3 53. Ke3 Kxb3 1/2-1/2

[Event "Frankfurt Ch A 2018"]
[Site "Ffm-Höchst, BiKuZ"]
[Date "2018.06.11"]
[Round "6.6"]
[White "Calvi, Stefan"]
[Black "Neininger, Ralph"]
[Result "1/2-1/2"]
[WhiteElo "2019"]
[BlackElo "2123"]
[PlyCount "122"]
[EventDate "2018.??.??"]
[WhiteTeam "SF Frankfurt"]
[BlackTeam "Frankfurter TV"]

1. e4 e6 2. d3 d5 3. Qe2 Be7 4. Nf3 Nf6 5. g3 O-O 6. e5 Nfd7 7. Bg2 c5 8. O-O
b5 9. c4 bxc4 10. dxc4 Ba6 11. b3 Nb6 12. Rd1 Qc7 13. Na3 dxc4 14. Nxc4 Nxc4
15. bxc4 Nc6 16. Bf4 Rad8 17. Qe4 Nd4 18. Ng5 Bxg5 19. Bxg5 Rd7 20. Rac1 Rb8
21. Qg4 Kh8 22. Be3 Rbd8 23. f4 Bb7 24. Rb1 Bxg2 25. Kxg2 Qc6+ 26. Kh3 Qe4 27.
Bxd4 cxd4 28. Re1 Qc6 29. Qe2 Rc7 30. Rec1 d3 31. Qd2 Qf3 32. c5 h5 33. Qd1
Qxd1 34. Rxd1 Rxc5 35. Rb3 Ra5 36. Rbxd3 Rxd3 37. Rxd3 Rxa2 38. Rd7 Kg8 39.
Rd8+ Kh7 40. Rd7 Kg6 41. g4 Ra3+ 42. Kh4 hxg4 43. Kxg4 f5+ 44. exf6 gxf6 45.
Re7 f5+ 46. Kh4 Kf6 47. Rh7 Ra2 48. h3 a5 49. Kh5 Rg2 50. Rh6+ Kf7 51. Rh7+ Rg7
52. Rh8 Kf6 53. Kh4 Ra7 54. Rh6+ Kg7 55. Rxe6 a4 56. Re2 a3 57. Ra2 Kf6 58. Kg3
Ke6 59. h4 Kd5 60. h5 Kc4 61. Kh4 Kd4 1/2-1/2

[Event "Frankfurt Ch A 2018"]
[Site "Ffm-Höchst, BiKuZ"]
[Date "2018.06.11"]
[Round "6.8"]
[White "Nehmert, Ulrich"]
[Black "Bischoff, Ulrich"]
[Result "1-0"]
[WhiteElo "2149"]
[BlackElo "1991"]
[PlyCount "61"]
[EventDate "2018.??.??"]
[WhiteTeam "Wiesbadener SV"]
[BlackTeam "Sfr. Erbach"]

1. d4 d5 2. c4 dxc4 3. Nf3 Nf6 4. Nc3 e6 5. e4 Bb4 6. Bg5 c5 7. Bxc4 cxd4 8.
Nxd4 Qa5 9. Bd2 Qc5 10. Bb5+ Bd7 11. Nb3 Qb6 12. Bd3 Bc6 13. O-O Nbd7 14. Be3
Qc7 15. Rc1 h5 16. f3 a6 17. Nd4 Bd6 18. h3 Bh2+ 19. Kh1 Bf4 20. Bxf4 Qxf4 21.
Nce2 Qe3 22. Nxc6 bxc6 23. Rxc6 Ng4 24. fxg4 hxg4 25. Ng1 Ne5 26. Rc3 Qb6 27.
Qb3 Qxb3 28. Rxb3 g5 29. Bxa6 Rd8 30. Be2 Kf8 31. Rb5 1-0

[Event "Frankfurt Ch A 2018"]
[Site "Ffm-Höchst, BiKuZ"]
[Date "2018.06.11"]
[Round "6.9"]
[White "Schreiner, Roland"]
[Black "Zimmermann, Rolf"]
[Result "1-0"]
[WhiteElo "1968"]
[BlackElo "2124"]
[PlyCount "63"]
[EventDate "2018.??.??"]
[WhiteTeam "SC Heusenstamm"]
[BlackTeam "SC Tornado Hochneukirch"]

1. d4 d5 2. c4 e6 3. Nc3 Nf6 4. Nf3 Be7 5. Bf4 O-O 6. e3 c6 7. Bd3 dxc4 8. Bxc4
Nd5 9. Bg3 b6 10. Qe2 Nd7 11. O-O Bb7 12. Rfd1 Nxc3 13. bxc3 Qc8 14. Bd3 Rd8
15. a4 a5 16. Rab1 Ba6 17. Bxa6 Qxa6 18. Qxa6 Rxa6 19. Ne5 Nxe5 20. Bxe5 Bd6
21. Bxd6 Rxd6 22. Kf1 Kf8 23. Ke2 Ke7 24. Rb2 e5 25. dxe5 Rxd1 26. Kxd1 Ke6 27.
f4 Kd5 28. Rd2+ Kc4 29. Kc2 Ra7 30. Rd4+ Kc5 31. Kb3 Re7 32. Rc4+ 1-0

[Event "Frankfurt Ch A 2018"]
[Site "Ffm-Höchst, BiKuZ"]
[Date "2018.06.11"]
[Round "6.10"]
[White "Medvedovski, Michael"]
[Black "Benninger, Rudolf"]
[Result "1-0"]
[WhiteElo "2115"]
[BlackElo "1895"]
[PlyCount "73"]
[EventDate "2018.??.??"]
[WhiteTeam "Frankfurter TV"]
[BlackTeam "SC Heusenstamm"]

1. e4 g6 2. d4 Bg7 3. c4 c5 4. Nf3 Qb6 5. dxc5 Qxc5 6. Be2 d6 7. O-O Bg4 8. Be3
Qc7 9. Nd4 Bxe2 10. Qxe2 Nc6 11. Nb5 Qb8 12. Rd1 a6 13. N5c3 Nf6 14. Nd5 Nxd5
15. exd5 Ne5 16. Bd4 O-O 17. f4 Nd7 18. Bxg7 Kxg7 19. Qxe7 Qc7 20. Qe4 Nf6 21.
Qd4 Rfe8 22. Nd2 Re2 23. Re1 Rae8 24. Kf1 Qe7 25. Nf3 Kg8 26. Qd3 Re4 27. b3 h6
28. Rac1 b6 29. Rxe4 Nxe4 30. Re1 f5 31. g3 g5 32. fxg5 hxg5 33. Nd4 Qf6 34.
Ne6 Nc5 35. Nxc5 Rxe1+ 36. Kxe1 bxc5 37. Qe2 $138 1-0

[Event "Frankfurt Ch A 2018"]
[Site "Ffm-Höchst, BiKuZ"]
[Date "2018.06.11"]
[Round "6.11"]
[White "Thomas, Norbert"]
[Black "Koch, Markus"]
[Result "1/2-1/2"]
[WhiteElo "1915"]
[BlackElo "2039"]
[PlyCount "100"]
[EventDate "2018.??.??"]
[WhiteTeam "SC Frankfurt-West"]
[BlackTeam "SC Brett vorm Kopp"]

1. d4 d5 2. Nf3 Nf6 3. c4 e6 4. g3 Be7 5. Bg2 O-O 6. O-O Nbd7 7. Qc2 c6 8. Bf4
b6 9. Nc3 Ba6 10. Ne5 Nxe5 11. dxe5 Nd7 12. cxd5 cxd5 13. Qa4 Nc5 14. Qd4 Rc8
15. Rfd1 Nd7 16. e4 g5 17. Be3 Rc4 18. Qd2 Nxe5 19. exd5 Qc8 20. Bxg5 f6 21.
Bf4 Bc5 22. Bxe5 fxe5 23. Qg5+ Kh8 24. Qxe5+ Kg8 25. Qg5+ Kh8 26. Rd2 Rf5 27.
Qh6 exd5 28. Re1 Rd4 29. Rxd4 Bxd4 30. Re7 Qg8 31. Bxd5 Rxf2 32. Bxg8 Rf6+ 33.
Qe3 Bxe3+ 34. Rxe3 Rf1+ 35. Kg2 Kxg8 36. Re7 Rf7 37. Rxf7 Kxf7 38. Kf3 Ke6 39.
Kf4 Bd3 40. Ke3 Ba6 41. Ne4 h6 42. g4 Ke5 43. Ng3 Bc8 44. h3 Bd7 45. Nh5 Be6
46. a3 a5 47. Nf4 Bd7 48. Nh5 Be6 49. Nf4 Bd7 50. Nh5 Be6 1/2-1/2

[Event "Frankfurt Ch A 2018"]
[Site "Ffm-Höchst, BiKuZ"]
[Date "2018.06.11"]
[Round "6.12"]
[White "Ochmann, Reimund"]
[Black "Rondonuwu, Grover"]
[Result "0-1"]
[WhiteElo "1899"]
[BlackElo "2036"]
[PlyCount "74"]
[EventDate "2018.??.??"]
[WhiteTeam "SK Langen"]
[BlackTeam "Frankfurter TV"]

1. e4 c5 2. Nc3 Nc6 3. f4 g6 4. Nf3 Bg7 5. Bb5 e6 6. O-O Nge7 7. d3 O-O 8. Qe1
d6 9. Kh1 Bd7 10. Qf2 a6 11. Bxc6 Bxc6 12. Nh4 f5 13. Nf3 b6 14. Re1 Qd7 15.
Bd2 Rae8 16. Rad1 b5 17. b3 b4 18. Nb1 h6 19. Nh4 fxe4 20. dxe4 g5 21. Nf3 gxf4
22. e5 Nd5 23. c3 bxc3 24. Nxc3 Nxc3 25. Bxc3 Bd5 26. Nd2 dxe5 27. Bxe5 Bxe5
28. Rxe5 Qg7 29. Rde1 Kh8 30. Nf3 Rg8 31. R5e2 Qg4 32. Qxc5 Rg7 33. Qf2 Reg8
34. Rd2 Ba8 35. h3 Qxg2+ 36. Qxg2 Rxg2 37. Rd3 Rf2 0-1

[Event "Frankfurt Ch A 2018"]
[Site "Ffm-Höchst, BiKuZ"]
[Date "2018.06.11"]
[Round "6.13"]
[White "Menning, Uwe"]
[Black "Bennedik, Martin"]
[Result "1-0"]
[WhiteElo "1810"]
[BlackElo "2006"]
[PlyCount "119"]
[EventDate "2018.??.??"]
[WhiteTeam "FC Bierstadt"]
[BlackTeam "SV Frankfurt Nord"]

1. d4 Nf6 2. Nf3 g6 3. Bg5 Bg7 4. e3 O-O 5. Be2 d6 6. O-O c5 7. c3 Nbd7 8. Nbd2
b6 9. Ne1 Bb7 10. Bf3 d5 11. Be2 e5 12. dxe5 Nxe5 13. Nef3 Re8 14. Qa4 h6 15.
Bh4 a6 16. Rfd1 b5 17. Qc2 Qb6 18. a3 Rac8 19. Bg3 Nc6 20. Rac1 a5 21. Qb1 Re6
22. b4 axb4 23. axb4 c4 24. Bf1 Nh5 25. Nd4 Nxd4 26. exd4 Nxg3 27. hxg3 Rce8
28. Re1 h5 29. Nf3 Bh6 30. Rcd1 Bc8 31. Ne5 R6e7 32. Nf3 Bf5 33. Rxe7 Rxe7 34.
Qa1 Qa7 35. Qb2 Qa4 36. Ra1 Qb3 37. Ra8+ Kg7 38. Qa1 Bg4 39. Ra3 Qc2 40. Ra2
Qc1 41. Qxc1 Bxc1 42. Rc2 Bh6 43. Be2 Bf5 44. Ra2 Bb1 45. Rb2 Bd3 46. Bxd3 cxd3
47. Rb1 Rc7 48. Ne5 Rxc3 49. Rd1 d2 50. Kf1 Rb3 51. Nc6 f6 52. f4 Rxg3 53. Rxd2
Rc3 54. Ne7 Bxf4 55. Ra2 Be3 56. Nxd5 Rc1+ 57. Ke2 Bxd4 58. Ra5 Be5 59. Rxb5
Rc2+ 60. Kf3 {Rest nicht nachvollziehbar. 1-0 (79)} 1-0

[Event "Frankfurt Ch A 2018"]
[Site "Ffm-Höchst, BiKuZ"]
[Date "2018.06.11"]
[Round "6.14"]
[White "Nekhamkis, Genadi"]
[Black "Stock, Jürgen"]
[Result "1-0"]
[WhiteElo "1992"]
[BlackElo "1877"]
[PlyCount "47"]
[EventDate "2018.??.??"]
[WhiteTeam "SK Marburg"]
[BlackTeam "Sfr. Kelkheim"]

1. e4 e6 2. d4 d5 3. e5 c5 4. c3 Nc6 5. Nf3 Qb6 6. a3 Nh6 7. b4 cxd4 8. cxd4
Nf5 9. Be3 Bd7 10. Nc3 a5 11. Na4 Qd8 12. b5 Na7 13. Qb3 Nxe3 14. fxe3 Rc8 15.
Bd3 Be7 16. O-O O-O 17. Rac1 f6 18. exf6 Bxf6 19. Nc5 b6 20. Nxd7 Qxd7 21. a4
Rc7 22. Qb1 h6 23. Ne5 Bxe5 24. Bh7+ 1-0

[Event "Frankfurt Ch A 2018"]
[Site "Ffm-Höchst, BiKuZ"]
[Date "2018.06.11"]
[Round "6.15"]
[White "Bittner, Peter"]
[Black "Nagelsdiek, Ralf"]
[Result "1/2-1/2"]
[WhiteElo "1798"]
[BlackElo "1991"]
[PlyCount "83"]
[EventDate "2018.??.??"]
[WhiteTeam "SC Nied"]
[BlackTeam "SC Bad Soden"]

1. e4 c5 2. Nf3 g6 3. c3 Bg7 4. Bc4 Qc7 5. O-O Nc6 6. a4 Nf6 7. Re1 d6 8. h3
O-O 9. Na3 a6 10. d3 e6 11. Bf4 Rd8 12. Nc2 Qb6 13. Rb1 d5 14. exd5 exd5 15.
Ba2 Bf5 16. Ne3 Ne7 17. Nxf5 Nxf5 18. Qb3 Qxb3 19. Bxb3 b5 20. axb5 axb5 21. g4
Nd6 22. Re7 c4 23. dxc4 bxc4 24. Bc2 Nfe4 25. Rd1 Bf6 26. Rc7 Ra5 27. Ne5 Bxe5
28. Bxe5 Ng5 29. Kg2 Ne6 30. Rc6 Ne8 31. b4 Ra2 32. Rc1 Rb2 33. Bd1 Ng5 34. Rc2
Rb1 35. Bf3 Kf8 36. Rd2 Nxf3 37. Kxf3 Rb3 38. Rxc4 f6 39. Bg3 dxc4 40. Rxd8
Rxc3+ 41. Ke2 Ke7 42. Rd4 1/2-1/2

[Event "Frankfurt Ch A 2018"]
[Site "Ffm-Höchst, BiKuZ"]
[Date "2018.06.11"]
[Round "6.16"]
[White "Gräbner, Walter"]
[Black "Pfeffer, Marko"]
[Result "1-0"]
[WhiteElo "1874"]
[BlackElo "1967"]
[PlyCount "81"]
[EventDate "2018.??.??"]
[WhiteTeam "SC Nied"]
[BlackTeam "SC Bergen-Enkheim"]

1. d4 d6 2. Nf3 f5 3. g3 Nf6 4. Bg2 e6 5. O-O Be7 6. b3 O-O 7. Bb2 a5 8. e3 a4
9. c4 Qe8 10. Nbd2 Nc6 11. Qc2 Nb4 12. Qc3 d5 13. a3 Nc6 14. b4 Ne4 15. Nxe4
fxe4 16. Nd2 Bd8 17. f3 exf3 18. Bxf3 Ne7 19. e4 c6 20. Rae1 Qg6 21. Bg2 Rf6
22. Qe3 Bd7 23. Rxf6 gxf6 24. Qf4 Qg5 25. Qf2 Bc7 26. Nf3 Qg7 27. Qc2 Be8 28.
Qe2 Bf7 29. Bh3 Ng6 30. Kh1 Qh6 31. Nh4 Re8 32. Bc1 Qg7 33. cxd5 cxd5 34. exd5
e5 35. Nf5 Bxd5+ 36. Kg1 Qh8 37. Qb5 Bf7 38. Bh6 Ne7 39. Qxb7 Nxf5 40. Bxf5 Bd6
41. Re4 1-0

[Event "Frankfurt Ch A 2018"]
[Site "Ffm-Höchst, BiKuZ"]
[Date "2018.06.11"]
[Round "6.17"]
[White "Kuban, Günther"]
[Black "Ottenburg, Ralph"]
[Result "1/2-1/2"]
[WhiteElo "1967"]
[BlackElo "1859"]
[PlyCount "78"]
[EventDate "2018.??.??"]
[WhiteTeam "SV Oberursel"]
[BlackTeam "SF Frankfurt"]

1. e4 e5 2. Nc3 d6 3. Bc4 Nf6 4. d3 Be7 5. Nge2 Nc6 6. a3 O-O 7. b4 Nd4 8. O-O
Be6 9. Nd5 Nxd5 10. Nxd4 exd4 11. exd5 Bd7 12. Bb2 Bf6 13. Qd2 c5 14. a4 Bg5
15. f4 Bh4 16. b5 Re8 17. g3 Bf6 18. a5 Bh3 19. Rfe1 Re3 20. a6 b6 21. Rab1
Rxe1+ 22. Rxe1 Qd7 23. Bc1 Re8 24. Qf2 Re7 25. Bd2 Kf8 26. Rxe7 Bxe7 27. Qe2
Bf6 28. Kf2 Bg4 29. Qe1 Bh5 30. Qe4 Qh3 31. Kg1 Qg4 32. Bb3 Qd1+ 33. Qe1 Qxe1+
34. Bxe1 Bd1 35. Kf2 h5 36. Bd2 Ke8 37. h3 Kd7 38. Ke1 Bf3 39. Kf2 Bd1 1/2-1/2

[Event "Frankfurt Ch A 2018"]
[Site "Ffm-Höchst, BiKuZ"]
[Date "2018.06.11"]
[Round "6.18"]
[White "Krüger, Till"]
[Black "Münstermann, Matthias"]
[Result "1-0"]
[WhiteElo "1956"]
[BlackElo "1623"]
[PlyCount "81"]
[EventDate "2018.??.??"]
[WhiteTeam "SC Nidderau"]
[BlackTeam "SK Langen"]

1. e4 c5 2. Nf3 d6 3. Bb5+ Bd7 4. Bxd7+ Qxd7 5. c4 Nc6 6. d4 cxd4 7. Nxd4 Nf6
8. Nc3 g6 9. f3 Bg7 10. Be3 O-O 11. O-O Nxd4 12. Bxd4 e6 13. Qd2 Rfd8 14. Rfd1
Ne8 15. Rac1 Bxd4+ 16. Qxd4 Qc6 17. b3 a6 18. Rd2 e5 19. Qf2 Qc5 20. Rcd1 Qxf2+
21. Kxf2 Rac8 22. a4 f5 23. f4 exf4 24. exf5 g5 25. Nd5 Rc5 26. Kf3 b5 27. cxb5
axb5 28. b4 Rc4 29. a5 Nc7 30. Nxc7 Rxc7 31. Rxd6 Re8 32. Rd8 Rxd8 33. Rxd8+
Kg7 34. Rd6 h5 35. Rg6+ Kh7 36. Rxg5 Kh6 37. Rg6+ Kh7 38. a6 Rc3+ 39. Kxf4 Rc4+
40. Kg5 Rxb4 41. Rb6 1-0

[Event "Frankfurt Ch A 2018"]
[Site "Ffm-Höchst, BiKuZ"]
[Date "2018.06.11"]
[Round "6.19"]
[White "Winand, Edgar"]
[Black "Rutsatz, Mario"]
[Result "0-1"]
[WhiteElo "1797"]
[BlackElo "1941"]
[PlyCount "40"]
[EventDate "2018.??.??"]
[WhiteTeam "SV Hofheim"]
[BlackTeam "SF Frankfurt"]

1. Nf3 c5 2. c4 Nc6 3. Nc3 g6 4. g3 Bg7 5. Bg2 e5 6. d3 Nge7 7. O-O O-O 8. e4
d6 9. Nd5 a6 10. Bg5 f6 11. Be3 Nxd5 12. cxd5 Ne7 13. Qd2 Bd7 14. b4 b6 15.
Rab1 g5 16. Rb2 h6 17. Rfb1 f5 18. bxc5 f4 19. cxd6 Nxd5 20. Rxb6 fxe3 0-1

[Event "Frankfurt Ch A 2018"]
[Site "Ffm-Höchst, BiKuZ"]
[Date "2018.06.11"]
[Round "6.20"]
[White "Kolker, Vladislav"]
[Black "Adair, Robin"]
[Result "1/2-1/2"]
[WhiteElo "1931"]
[BlackElo "1811"]
[PlyCount "107"]
[EventDate "2018.??.??"]
[WhiteTeam "SC Bad Nauheim"]
[BlackTeam "SC Nidderau"]

1. e4 c5 2. Nf3 Nc6 3. d4 cxd4 4. Nxd4 Nf6 5. Nc3 e5 6. Ndb5 d6 7. Bg5 a6 8.
Na3 b5 9. Nd5 Be7 10. Bxf6 Bxf6 11. c4 Qa5+ 12. Qd2 Qxd2+ 13. Kxd2 Bg5+ 14. Kd1
O-O 15. cxb5 Nd4 16. bxa6 Bxa6 17. Bxa6 Rxa6 18. h4 Bd8 19. Kd2 f5 20. exf5
Nxf5 21. g3 Nd4 22. f4 Ra5 23. Nc3 exf4 24. gxf4 Rxf4 25. Raf1 Rxh4 26. Rxh4
Bxh4 27. Nc4 Ra6 28. b4 Bg5+ 29. Kd3 Ne6 30. b5 Ra8 31. a4 Nc5+ 32. Kc2 Nxa4
33. Ra1 Nb6 34. Rxa8+ Nxa8 35. b6 Nxb6 36. Nxb6 h5 37. Ne4 Bf4 38. Nd5 Be5 39.
Kd3 Kf7 40. Nd2 h4 41. Nf3 Bg3 42. Ke4 Kg6 43. Ne3 Kh5 44. Nf5 g5 45. Nxg3+
hxg3 46. Kf5 g2 47. Ng1 Kh4 48. Ne2 g4 49. Ke6 Kh3 50. Kxd6 Kh2 51. Ke5 g1=Q
52. Nxg1 Kxg1 53. Kf4 g3 54. Kxg3 1/2-1/2

[Event "Frankfurt Ch A 2018"]
[Site "Ffm-Höchst, BiKuZ"]
[Date "2018.06.11"]
[Round "6.21"]
[White "Stuhlmann, Florian"]
[Black "Kuhn, Gerhard"]
[Result "0-1"]
[WhiteElo "1699"]
[BlackElo "1927"]
[PlyCount "92"]
[EventDate "2018.??.??"]
[WhiteTeam "SC Lindenholzhausen"]
[BlackTeam "SK Marburg"]

1. d4 Nf6 2. c4 g6 3. Nc3 d5 4. cxd5 Nxd5 5. e4 Nxc3 6. bxc3 c5 7. Bb5+ Bd7 8.
Rb1 Bg7 9. Ne2 O-O 10. O-O cxd4 11. cxd4 b6 12. Bg5 Bxb5 13. Rxb5 Qd7 14. Rb3
Nc6 15. d5 Na5 16. Rh3 f6 17. Bh6 Bxh6 18. Rxh6 e5 19. Rh3 Nc4 20. Rc3 b5 21.
Qd3 a6 22. Rb1 Rfc8 23. h3 Nd6 24. f3 Kg7 25. Nc1 Rxc3 26. Qxc3 Rc8 27. Qd2
Qa7+ 28. Kh2 Nc4 29. Qe1 Qc5 30. a4 Na3 31. Nd3 Qc3 32. Ra1 Qxd3 33. Qb4 Nc2
34. Qe7+ Kh6 35. Qxf6 Re8 36. Rg1 Qd2 37. Qc6 Rf8 38. Kh1 Nd4 39. Qd6 Qf4 40.
axb5 axb5 41. Qb4 Ne2 42. Re1 Nd4 43. Rg1 Rc8 44. Qe7 Rc2 45. Rf1 Nxf3 46. Rxf3
Rc1+ 0-1

[Event "Frankfurt Ch A 2018"]
[Site "Ffm-Höchst, BiKuZ"]
[Date "2018.06.11"]
[Round "6.23"]
[White "Schmidt, Markus"]
[Black "Pham, Phuong-Bao"]
[Result "1-0"]
[WhiteElo "2034"]
[BlackElo "1757"]
[PlyCount "69"]
[EventDate "2018.??.??"]
[WhiteTeam "SK Turm Bad Hersfeld"]
[BlackTeam "Frankfurter TV"]

1. Nf3 d5 2. c4 c6 3. b3 Bg4 4. Bb2 Bxf3 5. gxf3 Nd7 6. Rg1 Ngf6 7. d4 e6 8.
Nc3 Qc7 9. Rg2 O-O-O 10. e3 g6 11. cxd5 Nxd5 12. Nxd5 exd5 13. Bd3 Bb4+ 14. Kf1
f5 15. f4 Nf6 16. a3 Bd6 17. b4 a6 18. Qb3 b5 19. a4 Kb7 20. f3 Qe7 21. Bc1
Rhe8 22. Rga2 Ra8 23. Bd2 Qc7 24. Qa3 Qb8 25. Rc1 Rc8 26. Rac2 Rc7 27. Qb3 Qe8
28. Ra2 Rcc8 29. Rca1 Nd7 30. axb5 axb5 31. Bxb5 Rxa2 32. Qxa2 cxb5 33. Qa7+
Kc6 34. Ra6+ Nb6 35. Rxb6# 1-0

[Event "Frankfurt Ch A 2018"]
[Site "Ffm-Höchst, BiKuZ"]
[Date "2018.06.11"]
[Round "6.24"]
[White "Teschler, Ulrich"]
[Black "Hinz, André"]
[Result "1-0"]
[WhiteElo "1925"]
[BlackElo "1746"]
[PlyCount "79"]
[EventDate "2018.??.??"]
[WhiteTeam "SV Fechenheim"]
[BlackTeam "SC Brett vorm Kopp"]

1. e4 Nc6 2. d4 d6 3. Bb5 a6 4. Bc4 Nf6 5. Nc3 g6 6. a4 Bg7 7. Nge2 O-O 8. f3
e6 9. Be3 b6 10. Qd2 Re8 11. Bh6 Bh8 12. h4 d5 13. Ba2 dxe4 14. fxe4 Ng4 15.
Bg5 Bf6 16. e5 Be7 17. Qf4 h5 18. O-O Rf8 19. Qe4 Bxg5 20. hxg5 Bd7 21. Qf4 Nb4
22. Bb3 Bc6 23. Rad1 Nd5 24. Nxd5 Bxd5 25. c4 Bb7 26. Rd3 Qe7 27. Bd1 c5 28.
Ng3 cxd4 29. Bxg4 hxg4 30. Qxg4 Kg7 31. b3 Rad8 32. Qh4 Rh8 33. Qf4 Rd7 34.
Qf6+ Qxf6 35. gxf6+ Kf8 36. Rf4 Bc6 37. Rfxd4 Ke8 38. Rxd7 Bxd7 39. Rd6 b5 40.
Rxa6 1-0

[Event "Frankfurt Ch A 2018"]
[Site "Ffm-Höchst, BiKuZ"]
[Date "2018.06.11"]
[Round "6.26"]
[White "Stricker, Konstantin"]
[Black "Zimmer, Gerald"]
[Result "1/2-1/2"]
[WhiteElo "1645"]
[BlackElo "1904"]
[PlyCount "75"]
[EventDate "2018.??.??"]
[WhiteTeam "SC Eschbach"]
[BlackTeam "SC Bergen-Enkheim"]

1. e4 e6 2. d4 d5 3. Nc3 Bb4 4. e5 Ne7 5. a3 Bxc3+ 6. bxc3 c5 7. Nf3 Nbc6 8.
Bd2 Bd7 9. Bd3 Qc7 10. Rb1 Na5 11. O-O a6 12. Qe1 Nc4 13. Bxc4 dxc4 14. Bg5 Nd5
15. Bd2 Bc6 16. Qe2 cxd4 17. Nxd4 Bd7 18. f4 b5 19. f5 Qc5 20. fxe6 Bxe6 21.
Qf2 O-O 22. Nxe6 Qxf2+ 23. Rxf2 fxe6 24. Rbf1 Rxf2 25. Rxf2 Rf8 26. Rxf8+ Kxf8
27. Kf2 Ke7 28. Kf3 Kd7 29. Ke4 Kc6 30. Be1 Kb6 31. Kd4 Nf4 32. g3 Nd5 33. Bd2
Ne7 34. g4 Ng6 35. Bg5 Kc6 36. Ke4 Nf8 37. Kd4 Nd7 38. Be7 1/2-1/2

[Event "Frankfurt Ch A 2018"]
[Site "Ffm-Höchst, BiKuZ"]
[Date "2018.06.11"]
[Round "6.27"]
[White "Hierling, Stefan"]
[Black "Diehl, Stefan"]
[Result "1/2-1/2"]
[WhiteElo "1901"]
[BlackElo "1725"]
[PlyCount "50"]
[EventDate "2018.??.??"]
[WhiteTeam "VSG Offenbach"]
[BlackTeam "SC Höchst"]

1. e4 d5 2. exd5 Qxd5 3. Nc3 Qa5 4. Nf3 Nf6 5. Be2 Bf5 6. Nd4 c6 7. d3 e6 8. a3
Bg6 9. Nb3 Qc7 10. Be3 Bd6 11. g3 Nbd7 12. Qd2 Nd5 13. Nxd5 cxd5 14. Rc1 Nf6
15. Qa5 O-O 16. Qxc7 Bxc7 17. Nc5 b6 18. Na6 Bd6 19. O-O Bf5 20. Kg2 Rac8 21.
c4 dxc4 22. dxc4 Be5 23. b4 Be4+ 24. f3 Bb7 25. c5 Nd5 1/2-1/2

[Event "Frankfurt Ch A 2018"]
[Site "Ffm-Höchst, BiKuZ"]
[Date "2018.06.11"]
[Round "6.28"]
[White "Ackermann, Robert"]
[Black "Vega Lopez de Nava, Cesar Octavio"]
[Result "0-1"]
[WhiteElo "1666"]
[BlackElo "1901"]
[PlyCount "90"]
[EventDate "2018.??.??"]
[WhiteTeam "SC Bad Soden"]
[BlackTeam "SC Flörsheim"]

1. Nf3 d5 2. c4 d4 3. d3 Nc6 4. g3 e5 5. Bg2 Be7 6. O-O h6 7. a3 a5 8. Nbd2 Nf6
9. Re1 O-O 10. Nf1 Bg4 11. h3 Bh5 12. Qb3 Qd7 13. Kh2 a4 14. Qc2 Rfd8 15. N1d2
Bg6 16. Ng1 Qe6 17. b4 axb3 18. Qxb3 Na5 19. Qb1 Rab8 20. Nb3 Nxc4 21. Nd2 b5
22. Qb3 Na5 23. Qxe6 fxe6 24. Bb2 c5 25. Ngf3 Bd6 26. Rec1 Bh5 27. Rab1 Bg6 28.
Kg1 c4 29. Nh4 Bh7 30. Ne4 Nxe4 31. Bxe4 Bxe4 32. dxe4 c3 33. Bxc3 dxc3 34.
Rxc3 Nc4 35. a4 Na3 36. Rbb3 b4 37. Rd3 Bc5 38. Rxd8+ Rxd8 39. e3 Rd1+ 40. Kg2
Rb1 41. Rd3 b3 42. Nf3 Nc4 43. Rc3 b2 44. Rxc4 Rc1 45. Rxc5 b1=Q 0-1

[Event "Frankfurt Ch A 2018"]
[Site "Ffm-Höchst, BiKuZ"]
[Date "2018.06.11"]
[Round "6.29"]
[White "Hochmuth, Christian"]
[Black "Bratmann, Marc"]
[Result "1-0"]
[WhiteElo "1896"]
[BlackElo "1718"]
[PlyCount "129"]
[EventDate "2018.??.??"]
[WhiteTeam "SG Wächtersbach"]
[BlackTeam "TuS Dotzheim"]

1. e4 c6 2. c4 d5 3. cxd5 cxd5 4. exd5 Qxd5 5. Nc3 Qd8 6. d4 Nf6 7. Bc4 e6 8.
Nf3 Be7 9. O-O O-O 10. Re1 Re8 11. Bg5 Nbd7 12. Qe2 Nf8 13. Rad1 Bd7 14. Ne5
Qc8 15. Nxd7 N8xd7 16. Bd3 a6 17. Bb1 Nd5 18. Bxe7 Nxe7 19. Ne4 Qb8 20. Qh5 Nf8
21. Ng5 Neg6 22. Re3 Qc7 23. Rh3 h6 24. Nxf7 Kxf7 25. Rf3+ Kg8 26. Bxg6 Nxg6
27. Qxg6 Qd7 28. Rfd3 Rac8 29. R3d2 Qd5 30. b3 e5 31. Re1 e4 32. h3 Re6 33. Qg3
Qa5 34. Rde2 Qd5 35. Qe3 Rd8 36. Rd2 Rd7 37. Rc1 b6 38. Rc8+ Kh7 39. Rc1 Qf5
40. Qe2 a5 41. Rc3 Qd5 42. Re3 Rde7 43. Qc4 Qf5 44. a4 Rg6 45. Rde2 Rd6 46. d5
Qxd5 47. Qxd5 Rxd5 48. Rxe4 Red7 49. Re6 R5d6 50. Kh2 Kg8 51. Rxd6 Rxd6 52.
Re8+ Kf7 53. Rb8 Kg6 54. f3 Kf5 55. Kg3 Rg6+ 56. Kf2 Re6 57. g4+ Kg6 58. Rb7
Kf6 59. f4 Rd6 60. Ke3 Kg6 61. Ke4 Kf6 62. h4 g6 63. g5+ hxg5 64. hxg5+ Ke6 65.
Rg7 1-0

[Event "Frankfurt Ch A 2018"]
[Site "Ffm-Höchst, BiKuZ"]
[Date "2018.06.11"]
[Round "6.30"]
[White "Breitbach, Stephan"]
[Black "Gutacker, Stephan"]
[Result "1/2-1/2"]
[WhiteElo "1524"]
[BlackElo "1854"]
[PlyCount "97"]
[EventDate "2018.??.??"]
[WhiteTeam "SC Landskrone"]
[BlackTeam "Sfr. Kelkheim"]

1. d4 Nf6 2. c4 e6 3. Nf3 b6 4. g3 Bb7 5. Bg2 Ne4 6. O-O Be7 7. Qd3 f5 8. Nc3
Nxc3 9. Qxc3 O-O 10. h4 Be4 11. Bf4 Nc6 12. a3 Bf6 13. Bg5 Rb8 14. Bxf6 Qxf6
15. Ne5 Nxe5 16. dxe5 Qg6 17. f4 Bxg2 18. Kxg2 d6 19. Rad1 Rfd8 20. Rd3 dxe5
21. Qxe5 Rxd3 22. exd3 Qf7 23. Re1 Re8 24. d4 Qf6 25. Kf3 Qxe5 26. Rxe5 Rd8 27.
d5 exd5 28. cxd5 g6 29. g4 fxg4+ 30. Kxg4 Kf7 31. h5 Rd6 32. hxg6+ hxg6 33. Kg5
c6 34. dxc6 Rxc6 35. f5 a6 36. b4 b5 37. fxg6+ Rxg6+ 38. Kf4 Rc6 39. Re3 Kf6
40. Ke4 Re6+ 41. Kd4 Rxe3 42. Kxe3 Ke5 43. Kd3 Kd5 44. Kc3 Ke4 45. Kd2 Kd4 46.
Kc2 Kc4 47. Kb2 Kd3 48. Kb3 Kd2 49. Kb2 1/2-1/2